MARC

LEADER 00000nam0a2200000 4500
001 330226
005 20231102004235.0
035 |a (RuTPU)RU\TPU\book\355999 
090 |a 330226 
100 |a 20170330d1970 km y0rusy50 ca 
101 0 |a rus 
102 |a RU 
105 |a a z 001zy 
200 1 |a Основы расчета обеспечения электронной аппаратуры запасными элементами  |f Л. И. Кульбак 
210 |a Москва  |c Советское радио  |d 1970 
215 |a 207 с.  |c ил. 
225 1 |a Библиотека инженера по надежности 
320 |a Библиогр.: с. 201-203 
606 1 |a Радиоэлектронная аппаратура  |x Запасные детали  |x Расчет потребности  |2 stltpush  |3 (RuTPU)RU\TPU\subj\23395  |9 48003 
610 1 |a электронная аппаратура 
610 1 |a запасные элементы 
610 1 |a расчеты 
610 1 |a математическое описание 
610 1 |a системы уравнений 
610 1 |a решение 
610 1 |a алгоритмы 
610 1 |a статистические испытания 
610 1 |a комплектование 
675 |a 621.396.69.001  |v 4 
700 1 |a Кульбак  |b Л. И.  |g Леонид Игоревич 
801 1 |a RU  |b 63413507  |c 20170330 
801 2 |a RU  |b 63413507  |c 20170403  |g RCR 
942 |c BK